[Event "24th Klatovy B 2016"]
[Site "Klatovy CZE"]
[Date "2016.07.08"]
[Round "7.13"]
[White "Pucholt, Martin"]
[Black "Kovarova, Oxana"]
[Result "1/2-1/2"]
[WhiteElo "1641"]
[BlackElo "1759"]
[PlyCount "52"]
[EventDate "2016.07.02"]
[EventType "swiss"]
[EventRounds "9"]
[EventCountry "CZE"]

1. e4 e5 2. Nf3 Nc6 3. Bc4 Bc5 4. Nc3 d6 5. Na4 Nf6 6. Nxc5 dxc5 7. d3 Bg4 8. h3 Bxf3 9. Qxf3 Nd4 10. Qd1 b5 11. c3 bxc4 12. cxd4 cxd3 13. Qxd3 cxd4 14. Qb5+ Nd7 15. O-O O-O 16. b3 Nf6 17. Qxe5 Re8 18. Qf5 Rxe4 19. Bb2 Qd6 20. Rac1 Re2 21. Ba1 Rae8 22. Rc4 R2e5 23. Qd3 c5 24. b4 cxb4 25. Rxd4 Qb8 26. Rh4 Rd5 1/2-1/2

[Event "24th Klatovy B 2016"]
[Site "Klatovy CZE"]
[Date "2016.07.08"]
[Round "7.14"]
[White "Flajsman, Pavel"]
[Black "Cipera, Josef"]
[Result "1-0"]
[WhiteElo "1522"]
[BlackElo "1756"]
[PlyCount "51"]
[EventDate "2016.07.02"]
[EventType "swiss"]
[EventRounds "9"]
[EventCountry "CZE"]

1. e4 e5 2. Nc3 Nc6 3. g3 Nf6 4. Bg2 Be7 5. Nge2 d6 6. O-O Bg4 7. f3 Bh5 8. b3 Qd7 9. Bb2 g5 10. d4 exd4 11. Nxd4 Nxd4 12. Qxd4 c5 13. Qd2 Rg8 14. Nd5 Nxd5 15. Qxd5 O-O-O 16. Bc3 Qe6 17. Rfe1 Rg6 18. g4 Bxg4 19. fxg4 Qxg4 20. Qf5+ Qxf5 21. exf5 Bf6 22. fxg6 Bxc3 23. gxf7 Bxe1 24. Rxe1 Kc7 25. Bd5 Rf8 26. Kg2 1-0

[Event "24th Klatovy B 2016"]
[Site "Klatovy CZE"]
[Date "2016.07.08"]
[Round "7.15"]
[White "Vachal, Josef1"]
[Black "Pravda, Krystof"]
[Result "1-0"]
[WhiteElo "1957"]
[BlackElo "1669"]
[PlyCount "35"]
[EventDate "2016.07.02"]
[EventType "swiss"]
[EventRounds "9"]
[EventCountry "CZE"]

1. Nf3 Nc6 2. b3 e5 3. d3 g6 4. Bb2 Bg7 5. c4 Nge7 6. g3 d5 7. cxd5 Nxd5 8. Bg2 O-O 9. O-O f5 10. Nbd2 f4 11. Nc4 Re8 12. Rc1 b5 13. Ncd2 Bb7 14. Ne4 fxg3 15. hxg3 Bh6 16. Rc5 a6 17. Qa1 Bf8 18. Rxd5 1-0

[Event "24th Klatovy B 2016"]
[Site "Klatovy CZE"]
[Date "2016.07.08"]
[Round "7.16"]
[White "Lener, Jaroslav 1975"]
[Black "Kubat, Martin"]
[Result "0-1"]
[WhiteElo "1820"]
[BlackElo "1709"]
[PlyCount "60"]
[EventDate "2016.07.02"]
[EventType "swiss"]
[EventRounds "9"]
[EventCountry "CZE"]

1. Nf3 Nf6 2. c4 g6 3. Nc3 Bg7 4. d3 O-O 5. g3 d6 6. Bg2 e5 7. O-O Nbd7 8. d4 Nh5 9. Bg5 f6 10. Be3 exd4 11. Nxd4 Ne5 12. h3 f5 13. Nf3 f4 14. Qd5+ Kh8 15. Nxe5 Bxe5 16. Bd4 Qe7 17. Bxe5+ dxe5 18. Rad1 Nf6 19. Qd2 g5 20. b3 g4 21. hxg4 Nxg4 22. Nd5 Qg7 23. gxf4 Qh6 24. Rfe1 Qh2+ 25. Kf1 Rg8 26. e4 c6 27. Ne7 Ne3+ 28. fxe3 Bh3 29. Nxg8 Rxg8 30. Re2 Qh1+ 0-1

[Event "24th Klatovy B 2016"]
[Site "Klatovy CZE"]
[Date "2016.07.08"]
[Round "7.17"]
[White "Kaspar, Lukas"]
[Black "Vavrinek, Tomas"]
[Result "1-0"]
[WhiteElo "1634"]
[BlackElo "1773"]
[PlyCount "31"]
[EventDate "2016.07.02"]
[EventType "swiss"]
[EventRounds "9"]
[EventCountry "CZE"]

1. e4 c5 2. Nf3 Nc6 3. d4 cxd4 4. Nxd4 Nf6 5. Nc3 a6 6. Be3 e5 7. Nb3 Bb4 8. f3 d5 9. exd5 Nxd5 10. Bd2 O-O 11. Nxd5 Qxd5 12. Bxb4 Qxd1+ 13. Rxd1 Nxb4 14. c3 Nc2+ 15. Kd2 Bf5 16. Bd3 1-0

[Event "24th Klatovy B 2016"]
[Site "Klatovy CZE"]
[Date "2016.07.08"]
[Round "7.18"]
[White "Vavrinkova, Eliska"]
[Black "Vavrousek, Petr"]
[Result "1/2-1/2"]
[WhiteElo "1626"]
[BlackElo "1763"]
[PlyCount "84"]
[EventDate "2016.07.02"]
[EventType "swiss"]
[EventRounds "9"]
[EventCountry "CZE"]

1. d4 d5 2. Nf3 Nf6 3. c4 e6 4. cxd5 exd5 5. Nc3 c6 6. Qc2 Nbd7 7. Bg5 Be7 8. e3 Nf8 9. Bd3 g6 10. O-O Ne6 11. Bh4 Ng7 12. Rab1 Bf5 13. b4 Bxd3 14. Qxd3 Nf5 15. Bxf6 Bxf6 16. b5 O-O 17. Rfc1 Rc8 18. bxc6 bxc6 19. Qa6 Rc7 20. Na4 Qc8 21. Nc5 Nd6 22. Nd2 Qf5 23. Qa5 Bd8 24. Na6 Rb7 25. Qc5 Rxb1 26. Nxb1 Ne4 27. Qc2 Bg5 28. Nc3 Rc8 29. Nxe4 Qxe4 30. Qxe4 dxe4 31. Nb4 c5 32. Rxc5 Rb8 33. a3 Be7 34. Rc1 Bxb4 35. axb4 Rxb4 36. Ra1 a5 37. Kf1 a4 38. Ra2 Kf8 39. Ke2 Ke7 40. Kd2 Kd6 41. Kc3 Rb3+ 42. Kc2 Rb4 1/2-1/2

[Event "24th Klatovy B 2016"]
[Site "Klatovy CZE"]
[Date "2016.07.08"]
[Round "7.20"]
[White "Vavrinkova, Jitka"]
[Black "Sroub, Jaroslav"]
[Result "1/2-1/2"]
[WhiteElo "1625"]
[BlackElo "1730"]
[PlyCount "62"]
[EventDate "2016.07.02"]
[EventType "swiss"]
[EventRounds "9"]
[EventCountry "CZE"]

1. e4 b6 2. d4 Bb7 3. Nc3 Nf6 4. Bc4 e6 5. f3 d5 6. exd5 Nxd5 7. Ne4 h6 8. Ne2 Nd7 9. O-O N7f6 10. Bb5+ c6 11. Bd3 Be7 12. c4 Nb4 13. Bb1 Qd7 14. a3 Na6 15. Bf4 Nh5 16. Be3 Rd8 17. Bc2 Qc7 18. Qe1 Nf6 19. Bf4 Qc8 20. b4 Nb8 21. Rd1 Nxe4 22. fxe4 Nd7 23. Qf2 c5 24. Bc7 O-O 25. Bxd8 Bxd8 26. dxc5 bxc5 27. b5 Ne5 28. Nc3 Nxc4 29. a4 Bb6 30. Kh1 Ne5 31. Qg3 Qc7 1/2-1/2

[Event "24th Klatovy B 2016"]
[Site "Klatovy CZE"]
[Date "2016.07.08"]
[Round "7.19"]
[White "Novotny, David"]
[Black "Rosenbaumova, Lea"]
[Result "1-0"]
[WhiteElo "1758"]
[BlackElo "1351"]
[PlyCount "81"]
[EventDate "2016.07.02"]
[EventType "swiss"]
[EventRounds "9"]
[EventCountry "CZE"]

1. d4 Nf6 2. c4 e6 3. Nc3 c5 4. d5 exd5 5. cxd5 d6 6. e4 g6 7. f4 Qe7 8. Nf3 Bg7 9. Bd3 O-O 10. O-O Nbd7 11. Re1 Nb6 12. h3 Qc7 13. Nb5 Qb8 14. Bd2 a6 15. Na3 Re8 16. Rc1 Qa7 17. Kh1 Bd7 18. b4 Na4 19. Nc4 Qb8 20. Bc2 b5 21. Bxa4 bxa4 22. bxc5 Nxe4 23. Rxe4 Rxe4 24. Nxd6 Re7 25. Nc4 Bb5 26. Nfe5 f6 27. d6 Re6 28. Ng4 Qe8 29. Nb6 Ra7 30. Bc3 h5 31. Nf2 Rb7 32. f5 gxf5 33. Qd5 Bc6 34. Qxf5 Rxb6 35. cxb6 Rxd6 36. Re1 Qb8 37. Qxh5 Qxb6 38. Re7 Qb1+ 39. Kh2 Qxa2 40. Qg6 Kh8 41. Qxg7# 1-0

[Event "24th Klatovy B 2016"]
[Site "Klatovy CZE"]
[Date "2016.07.08"]
[Round "7.21"]
[White "Flajsman, Petr"]
[Black "Stanik, Michal"]
[Result "1/2-1/2"]
[WhiteElo "1529"]
[BlackElo "1713"]
[PlyCount "81"]
[EventDate "2016.07.02"]
[EventType "swiss"]
[EventRounds "9"]
[EventCountry "CZE"]

1. e4 c5 2. Nf3 a6 3. c3 d5 4. exd5 Qxd5 5. d4 Nc6 6. Bd3 Bg4 7. Nbd2 Nf6 8. Qb3 Qxb3 9. Nxb3 Bxf3 10. gxf3 cxd4 11. Nxd4 Nxd4 12. cxd4 Rd8 13. Be3 e6 14. a3 Bd6 15. h3 O-O 16. Be4 Rd7 17. Rg1 Nh5 18. Rd1 f5 19. Bc2 Bb8 20. Bb3 Re8 21. Rg5 g6 22. Ke2 f4 23. Bc1 Kg7 24. Kf1 Kf6 25. Re5 Bxe5 26. dxe5+ Ke7 27. Rxd7+ Kxd7 28. Bd2 g5 29. Bc2 Re7 30. Bb4 Rf7 31. Be4 Kc8 32. Ke2 Kd8 33. Kd3 Ke8 34. Bd6 Kd8 35. Kc4 Rd7 36. Kc5 h6 37. Bg6 Ng7 38. b4 Ne8 39. Bd3 b6+ 40. Kc6 b5 41. Kc5 1/2-1/2

[Event "24th Klatovy B 2016"]
[Site "Klatovy CZE"]
[Date "2016.07.08"]
[Round "7.22"]
[White "Simacek, Vaclav"]
[Black "Kudrna, Miroslav"]
[Result "1-0"]
[WhiteElo "1876"]
[BlackElo "1580"]
[PlyCount "51"]
[EventDate "2016.07.02"]
[EventType "swiss"]
[EventRounds "9"]
[EventCountry "CZE"]

1. e4 e6 2. d4 d5 3. Nc3 dxe4 4. Nxe4 Nf6 5. Bd3 Nbd7 6. Nf3 c5 7. Bf4 cxd4 8. Nd6+ Bxd6 9. Bxd6 Qb6 10. Ba3 Nc5 11. O-O O-O 12. Nxd4 Rd8 13. Nf3 Nxd3 14. cxd3 Bd7 15. Be7 Rdc8 16. Ne5 Rc7 17. Bxf6 gxf6 18. Qg4+ Kf8 19. Nc4 Qc5 20. Qf4 Ke7 21. b4 Qc6 22. Rfe1 Rg8 23. g3 Rg5 24. Ne3 e5 25. Qh4 Bf5 26. f4 1-0

[Event "24th Klatovy B 2016"]
[Site "Klatovy CZE"]
[Date "2016.07.08"]
[Round "7.23"]
[White "Bartos, Karel"]
[Black "Krisman, Ondrej"]
[Result "1/2-1/2"]
[WhiteElo "1784"]
[BlackElo "1608"]
[PlyCount "154"]
[EventDate "2016.07.02"]
[EventType "swiss"]
[EventRounds "9"]
[EventCountry "CZE"]

1. d4 d5 2. c4 e6 3. Nc3 Be7 4. Nf3 Nc6 5. Bf4 Nf6 6. e3 a6 7. a3 O-O 8. Bd3 dxc4 9. Bxc4 Bd6 10. Bg5 h6 11. Bh4 Ne7 12. e4 Ng6 13. Bxf6 gxf6 14. h4 b5 15. Bd3 Nf4 16. Bf1 Qd7 17. h5 e5 18. g3 Ne6 19. Bh3 Qd8 20. Bf5 Ng5 21. Nh4 exd4 22. Nd5 c6 23. Nf4 Re8 24. f3 Qc7 25. Bxc8 Raxc8 26. Qd2 Nxf3+ 27. Nxf3 Rxe4+ 28. Kd1 Bxf4 29. gxf4 Rxf4 30. Qg2+ Kf8 31. Rg1 Re4 32. Kc2 Rd8 33. Rae1 d3+ 34. Kb1 Rxe1+ 35. Rxe1 d2 36. Nxd2 Qf4 37. Rd1 Qf5+ 38. Ka1 Qxh5 39. Rg1 Qg5 40. Nf3 Rd1+ 41. Ka2 Rxg1 42. Qxg1 Qxg1 43. Nxg1 Kg7 44. Kb3 c5 45. a4 f5 46. Kc3 Kf6 47. Nf3 f4 48. Kd3 Kf5 49. Ke2 f6 50. Kf2 h5 51. axb5 axb5 52. Nd2 c4 53. Kf3 Ke5 54. Ne4 h4 55. Nf2 f5 56. Nh3 b4 57. Nxf4 Kd4 58. Ng6 h3 59. Nf4 h2 60. Kg2 c3 61. bxc3+ bxc3 62. Ne2+ Kd3 63. Nc1+ Kc2 64. Na2 Kb2 65. Nb4 Kb3 66. Nd3 c2 67. Kxh2 Kc3 68. Nc1 Kd2 69. Nb3+ Ke3 70. Kg1 f4 71. Kf1 f3 72. Ke1 Kd3 73. Kf2 Kc3 74. Nc1 Kd2 75. Nb3+ Kd1 76. Kxf3 c1=Q 77. Nxc1 Kxc1 1/2-1/2

[Event "24th Klatovy B 2016"]
[Site "Klatovy CZE"]
[Date "2016.07.08"]
[Round "7.24"]
[White "Sedlacek, Pavel"]
[Black "Chmelik, Ladislav"]
[Result "0-1"]
[WhiteElo "1612"]
[BlackElo "1762"]
[PlyCount "90"]
[EventDate "2016.07.02"]
[EventType "swiss"]
[EventRounds "9"]
[EventCountry "CZE"]

1. c4 Nf6 2. Nc3 g6 3. g3 Bg7 4. Bg2 O-O 5. Nf3 d5 6. cxd5 Nxd5 7. d4 Nxc3 8. bxc3 c5 9. e3 cxd4 10. cxd4 Nc6 11. O-O Bd7 12. Rb1 Rb8 13. Bb2 Bf5 14. Rc1 Nb4 15. Qb3 Nd3 16. Rc3 Nxb2 17. Qxb2 Qd6 18. Rfc1 Rfc8 19. Rxc8+ Rxc8 20. Nh4 Rxc1+ 21. Qxc1 Be6 22. Bxb7 Bxa2 23. Qc5 Qxc5 24. dxc5 a5 25. e4 Bd4 26. c6 Bb6 27. Ba6 a4 28. Nf3 a3 29. Nd2 Be6 30. Bc4 Bxc4 31. Nxc4 a2 32. Nxb6 a1=Q+ 33. Kg2 Qc1 34. Nd5 Kf8 35. c7 e6 36. Nf6 Qxc7 37. Nxh7+ Kg7 38. Ng5 Qc6 39. f3 f6 40. Nh3 Qc2+ 41. Nf2 Kh6 42. g4 Qd2 43. h4 e5 44. Kg3 Qc1 45. Nh3 Qe1+ 0-1

[Event "24th Klatovy B 2016"]
[Site "Klatovy CZE"]
[Date "2016.07.08"]
[Round "7.25"]
[White "Sova, Zdenek"]
[Black "Rimovsky, Pavel"]
[Result "1-0"]
[WhiteElo "1747"]
[BlackElo "1593"]
[PlyCount "155"]
[EventDate "2016.07.02"]
[EventType "swiss"]
[EventRounds "9"]
[EventCountry "CZE"]

1. Nf3 Nf6 2. d4 d6 3. c4 Nbd7 4. Nc3 g6 5. e4 e5 6. Be3 Bg7 7. d5 O-O 8. b4 a5 9. b5 Qe7 10. h3 Nc5 11. Bxc5 dxc5 12. Bd3 Ne8 13. O-O f5 14. Re1 Nd6 15. Rc1 f4 16. Kh1 g5 17. Nh2 Qf7 18. Be2 Bd7 19. Bh5 Qe7 20. Nb1 Ne8 21. Ng4 Nf6 22. Nxf6+ Qxf6 23. Nd2 Qh6 24. Nf1 Rf6 25. Nh2 Rff8 26. Rc3 Kh8 27. Rd3 Qd6 28. Bg4 Bxg4 29. hxg4 h6 30. Rh3 Kh7 31. Rh5 Kg6 32. Qb3 Rf6 33. Rd1 Raf8 34. Rd3 Kf7 35. Nf3 Rg6 36. Qb2 Re8 37. Nd2 Qd7 38. f3 b6 39. Kg1 Rb8 40. Kf2 Re8 41. Nb1 Ra8 42. Nc3 Re8 43. d6 Rxd6 44. Nd5 Qd8 45. Rh1 Ree6 46. Rhd1 Qb8 47. Qd2 Bf8 48. Qe1 Qd8 49. Qh1 Rg6 50. g3 Bg7 51. Qh5 Kg8 52. R1d2 Kh7 53. Qh1 Kg8 54. Qd1 fxg3+ 55. Kxg3 Bf8 56. Kg2 Kf7 57. a4 Ke6 58. Ne3 Kf7 59. Nf5 Rxd3 60. Rxd3 Bd6 61. Rd5 Qf8 62. Kg3 Ke6 63. Rd2 Kd7 64. Rh2 Qf7 65. Nxh6 Qf4+ 66. Kg2 Qxh2+ 67. Kxh2 Rxh6+ 68. Kg2 Re6 69. Qd5 Ke7 70. Qa8 Rg6 71. Qc8 Rg7 72. Qf5 Ke8 73. Qf6 Rg8 74. Kg3 Be7 75. Qxe5 Kd8 76. Kg2 Bd6 77. Qd5 Re8 78. Qxg5+ 1-0

[Event "24th Klatovy B 2016"]
[Site "Klatovy CZE"]
[Date "2016.07.08"]
[Round "7.26"]
[White "Repa, Vaclav"]
[Black "Spackova, Martina 1992"]
[Result "0-1"]
[WhiteElo "1577"]
[BlackElo "1731"]
[PlyCount "150"]
[EventDate "2016.07.02"]
[EventType "swiss"]
[EventRounds "9"]
[EventCountry "CZE"]

1. c4 e6 2. e4 d5 3. cxd5 exd5 4. e5 d4 5. Qa4+ Qd7 6. Bb5 c6 7. Bd3 Qd5 8. Nf3 Bg4 9. Be2 Bxf3 10. gxf3 Qxe5 11. d3 Qc5 12. Nd2 Qb4 13. Qd1 Bd6 14. a3 Qa5 15. h4 Nf6 16. Rg1 h6 17. Rxg7 Rg8 18. Rxg8+ Nxg8 19. Qb3 b5 20. Kd1 Be7 21. h5 Qc7 22. Ne4 Qh2 23. Kc2 Nd7 24. a4 Nc5 25. Nxc5 Bxc5 26. Bd2 Qxf2 27. Re1 Kf8 28. axb5 Rb8 29. Bb4 Rxb5 30. Bxc5+ Rxc5+ 31. Kd1 Rc1+ 32. Kxc1 Qxe1+ 33. Bd1 Qe3+ 34. Kc2 Qe5 35. Qa3+ Qe7 36. Qa6 Qc5+ 37. Kb1 Nf6 38. Qc8+ Kg7 39. f4 Qb5 40. Qh3 a5 41. Qg3+ Kh7 42. Qh4 Nd5 43. Bc2 a4 44. f5 a3 45. Qxd4 Qxb2+ 46. Qxb2 axb2 47. Kxb2 Ne3 48. f6 Nxc2 49. Kxc2 Kg8 50. Kc3 Kf8 51. Kc4 Ke8 52. Kc5 Kd7 53. d4 Kc7 54. d5 cxd5 55. Kxd5 Kd7 56. Ke5 Kc6 57. Ke4 Kd6 58. Kf5 Kd5 59. Kf4 Ke6 60. Kg4 Kxf6 61. Kf4 Ke6 62. Ke4 f5+ 63. Kf4 Kf6 64. Kf3 Kg5 65. Kg3 Kxh5 66. Kf4 Kg6 67. Kf3 Kg5 68. Kg3 f4+ 69. Kf3 Kf5 70. Kf2 Kg4 71. Kg2 f3+ 72. Kf2 Kf4 73. Kf1 Kg3 74. Kg1 f2+ 75. Kf1 h5 0-1

[Event "24th Klatovy B 2016"]
[Site "Klatovy CZE"]
[Date "2016.07.08"]
[Round "7.27"]
[White "Kovar, Vaclav 1953"]
[Black "Kotal, Petr"]
[Result "1-0"]
[WhiteElo "1730"]
[BlackElo "1558"]
[PlyCount "47"]
[EventDate "2016.07.02"]
[EventType "swiss"]
[EventRounds "9"]
[EventCountry "CZE"]

1. d4 d5 2. c4 e6 3. Nc3 c6 4. e3 Nf6 5. Nf3 Bd6 6. Bd3 dxc4 7. Bxc4 b5 8. Bb3 Nbd7 9. e4 Bc7 10. Bg5 h6 11. Bh4 g5 12. Nxg5 hxg5 13. Bxg5 e5 14. d5 Bb7 15. Qf3 Qe7 16. O-O-O O-O-O 17. Kb1 a6 18. dxc6 Bxc6 19. Bd5 Rdg8 20. h4 Kb7 21. Bxc6+ Kxc6 22. Nd5 Qe6 23. Bxf6 Nxf6 24. Qc3+ 1-0

[Event "24th Klatovy B 2016"]
[Site "Klatovy CZE"]
[Date "2016.07.08"]
[Round "7.28"]
[White "Zak, Jiri1"]
[Black "May, David"]
[Result "1-0"]
[WhiteElo "1717"]
[BlackElo "1532"]
[PlyCount "83"]
[EventDate "2016.07.02"]
[EventType "swiss"]
[EventRounds "9"]
[EventCountry "CZE"]

1. d4 Nf6 2. c4 g6 3. Nc3 d5 4. cxd5 Nxd5 5. Nf3 Bg7 6. g3 O-O 7. Bg2 Nxc3 8. bxc3 c5 9. O-O Nc6 10. e3 Rb8 11. Nd2 Qc7 12. Bb2 cxd4 13. cxd4 e6 14. Ne4 b6 15. Rc1 Bb7 16. Qa4 a6 17. Ba3 b5 18. Qc2 Rfd8 19. Nc5 Nxd4 20. exd4 Bxg2 21. Kxg2 Qa5 22. Bb2 Qxa2 23. Nb3 Qa4 24. Rfd1 Qc4 25. Qd3 Qd5+ 26. Kg1 e5 27. Rc5 Qe6 28. d5 e4 29. Qe2 Qe7 30. Bxg7 Kxg7 31. Rdc1 Rb6 32. Nd4 Rd7 33. Nc6 Qe8 34. Qb2+ Kg8 35. Qf6 e3 36. f3 e2 37. Kf2 h6 38. Re1 Qf8 39. Ne7+ Kh7 40. Qxb6 Rxe7 41. Qxa6 Rb7 42. Rxb5 1-0

[Event "24th Klatovy B 2016"]
[Site "Klatovy CZE"]
[Date "2016.07.08"]
[Round "7.29"]
[White "Severin, Lubos"]
[Black "Sedlak, Jakub"]
[Result "1/2-1/2"]
[WhiteElo "1694"]
[BlackElo "1457"]
[PlyCount "49"]
[EventDate "2016.07.02"]
[EventType "swiss"]
[EventRounds "9"]
[EventCountry "CZE"]

1. e4 e6 2. d4 d5 3. Nc3 Nf6 4. Bd3 Be7 5. Nge2 O-O 6. Bg5 Nxe4 7. Bxe7 Nxc3 8. Bxd8 Nxd1 9. Bxc7 Nxb2 10. Bb5 a6 11. Rb1 axb5 12. Rxb2 Bd7 13. Bxb8 Raxb8 14. O-O Rfc8 15. c3 Ra8 16. Ra1 Rc4 17. Rb4 h6 18. f3 Ra4 19. a3 Rcxb4 20. cxb4 Ra8 21. Kf2 Rc8 22. Rc1 Rc4 23. Rxc4 bxc4 24. Nc3 b5 25. Ke3 1/2-1/2

[Event "24th Klatovy B 2016"]
[Site "Klatovy CZE"]
[Date "2016.07.08"]
[Round "7.30"]
[White "Soukup, Jiri1"]
[Black "Stvan, Marek"]
[Result "1-0"]
[WhiteElo "1591"]
[BlackElo "1679"]
[PlyCount "67"]
[EventDate "2016.07.02"]
[EventType "swiss"]
[EventRounds "9"]
[EventCountry "CZE"]

1. e4 e5 2. Nf3 Nc6 3. Bc4 Be7 4. Nc3 Nf6 5. d4 exd4 6. Nxd4 Ne5 7. Bb3 O-O 8. f4 Ng6 9. O-O d6 10. Kh1 Re8 11. h3 Nd7 12. Rf3 Nc5 13. Bc4 Bf6 14. Bd5 c6 15. Nxc6 bxc6 16. Bxc6 Bb7 17. Bxe8 Qxe8 18. Qxd6 Nxe4 19. Nxe4 Qxe4 20. Qd3 Qb4 21. c3 Qa4 22. Rf2 Bh4 23. b3 Qc6 24. Rc2 Re8 25. Be3 Ba6 26. c4 Qf6 27. Rf1 Qe7 28. Bd4 Qd7 29. Qc3 f6 30. Kh2 f5 31. g3 Bd8 32. Rd2 Qc7 33. Rfd1 Be7 34. Bxg7 1-0

[Event "24th Klatovy B 2016"]
[Site "Klatovy CZE"]
[Date "2016.07.08"]
[Round "7.31"]
[White "Kovar, Michal"]
[Black "Stankova, Zuzana 1986"]
[Result "1/2-1/2"]
[WhiteElo "1479"]
[BlackElo "1673"]
[PlyCount "85"]
[EventDate "2016.07.02"]
[EventType "swiss"]
[EventRounds "9"]
[EventCountry "CZE"]

1. e4 d6 2. d4 Nf6 3. Nc3 g6 4. e5 dxe5 5. dxe5 Qxd1+ 6. Nxd1 Ng4 7. f4 Nc6 8. h3 Nh6 9. c3 e6 10. Nf2 Bd7 11. Ne4 O-O-O 12. Nf6 Bc5 13. g4 Bb6 14. Bg2 Ne7 15. Bd2 Nhg8 16. Nxd7 Rxd7 17. Rd1 Nd5 18. Bxd5 Rxd5 19. Nf3 h6 20. Ke2 Ne7 21. Bc1 Rhd8 22. c4 Rxd1 23. Rxd1 Nc6 24. Rxd8+ Kxd8 25. a3 a5 26. Be3 Bxe3 27. Kxe3 Kd7 28. Nd4 Ne7 29. b4 axb4 30. axb4 c6 31. b5 c5 32. Nb3 b6 33. Nd2 Ng8 34. Ne4 Kc7 35. g5 hxg5 36. fxg5 Ne7 37. Nd6 Nf5+ 38. Nxf5 exf5 39. Kf4 Kd7 40. Ke3 Ke7 41. Kf4 Ke6 42. h4 Ke7 43. Ke3 1/2-1/2

[Event "24th Klatovy B 2016"]
[Site "Klatovy CZE"]
[Date "2016.07.08"]
[Round "7.32"]
[White "Kopal, Vladimir"]
[Black "Maly, Jiri"]
[Result "0-1"]
[WhiteElo "1550"]
[BlackElo "1657"]
[PlyCount "72"]
[EventDate "2016.07.02"]
[EventType "swiss"]
[EventRounds "9"]
[EventCountry "CZE"]

1. e4 c5 2. Nf3 Nc6 3. Nc3 d6 4. d4 cxd4 5. Nxd4 e5 6. Nf3 a6 7. Bc4 Be7 8. Be3 Nf6 9. h3 O-O 10. g4 b5 11. Bb3 b4 12. Nd5 Rb8 13. Nxe7+ Nxe7 14. Qd3 Bb7 15. Bd5 Nexd5 16. Bg5 h6 17. exd5 hxg5 18. Nxg5 Bxd5 19. Rg1 e4 20. Qe3 a5 21. h4 Rc8 22. Qd2 Qd7 23. O-O-O b3 24. axb3 Bxb3 25. Qxa5 Rxc2+ 26. Kb1 Rxf2 27. Rc1 d5 28. Rc7 Qa4 29. Qxa4 Bxa4 30. Re7 Bb3 31. Rc1 Nxg4 32. Rec7 Ne5 33. Rc8 Nc4 34. Rxf8+ Kxf8 35. h5 Rxb2+ 36. Ka1 Ra2+ 0-1

[Event "24th Klatovy B 2016"]
[Site "Klatovy CZE"]
[Date "2016.07.08"]
[Round "7.33"]
[White "Bauer, Jan 2005"]
[Black "Stross, Frantisek 1952"]
[Result "1-0"]
[WhiteElo "1296"]
[BlackElo "1652"]
[PlyCount "75"]
[EventDate "2016.07.02"]
[EventType "swiss"]
[EventRounds "9"]
[EventCountry "CZE"]

1. e4 e5 2. Nf3 Nc6 3. Bb5 d6 4. O-O Bd7 5. c3 Nf6 6. d3 Bg4 7. h3 Bh5 8. Re1 Qd7 9. d4 exd4 10. cxd4 a6 11. Ba4 b5 12. Bb3 O-O-O 13. d5 Ne5 14. Nxe5 dxe5 15. Qd3 c5 16. a4 c4 17. Qc3 Qc7 18. Bc2 b4 19. Qe3 Bc5 20. Qg5 Bg6 21. Nd2 Bd4 22. Nf3 h6 23. Qh4 Bc5 24. Be3 Bd6 25. a5 Bc5 26. Bxc5 Qxc5 27. Nxe5 b3 28. Bxb3 Qd4 29. Nxg6 fxg6 30. Rac1 Kd7 31. Rxc4 Qe5 32. Qg3 Qb8 33. Ba4+ Ke7 34. Qxb8 Rxb8 35. Rc7+ Kd8 36. Rxg7 g5 37. e5 Nh5 38. Rd7+ 1-0

[Event "24th Klatovy B 2016"]
[Site "Klatovy CZE"]
[Date "2016.07.08"]
[Round "7.34"]
[White "Schille, Hannes"]
[Black "Tomascik, Petr"]
[Result "1-0"]
[WhiteElo "1629"]
[BlackElo "1484"]
[PlyCount "63"]
[EventDate "2016.07.02"]
[EventType "swiss"]
[EventRounds "9"]
[EventCountry "CZE"]

1. d4 d5 2. c4 Nf6 3. cxd5 Nxd5 4. e4 Nf6 5. Nc3 c6 6. h3 g6 7. Nf3 Bg7 8. Be3 O-O 9. Be2 e6 10. Qd2 Nfd7 11. Rd1 b6 12. h4 Qc7 13. h5 Nf6 14. hxg6 fxg6 15. Bh6 Rf7 16. Bxg7 Rxg7 17. d5 Ba6 18. d6 Qd8 19. Bxa6 Nxa6 20. e5 Nd5 21. Ng5 Qd7 22. Nge4 Qf7 23. Nxd5 cxd5 24. Nf6+ Kh8 25. Rc1 Rd8 26. Qg5 Rf8 27. f3 Nc5 28. Kd2 a5 29. Rh4 Qa7 30. Rg1 Rff7 31. Nxh7 Rxh7 32. Qd8+ 1-0

[Event "24th Klatovy B 2016"]
[Site "Klatovy CZE"]
[Date "2016.07.08"]
[Round "7.35"]
[White "Nemec, Frantisek 1985"]
[Black "Svejdar, Pavel"]
[Result "1-0"]
[WhiteElo "1614"]
[BlackElo "1544"]
[PlyCount "107"]
[EventDate "2016.07.02"]
[EventType "swiss"]
[EventRounds "9"]
[EventCountry "CZE"]

1. e4 e5 2. Nf3 Nc6 3. Bc4 Bc5 4. c3 Nf6 5. d4 exd4 6. cxd4 Bb4+ 7. Bd2 Bxd2+ 8. Nbxd2 d5 9. exd5 Nxd5 10. O-O O-O 11. Nb3 Bg4 12. Qd3 Ncb4 13. Qe4 Bxf3 14. Qxf3 Nb6 15. Bd3 Nxd3 16. Qxd3 Nd5 17. g3 Qg5 18. Qf3 c6 19. Rad1 h5 20. h4 Qg6 21. Nc5 b6 22. Nd7 Rfe8 23. Ne5 Rxe5 24. dxe5 Re8 25. Rfe1 Re6 26. a3 f5 27. exf6 Rxf6 28. Qe4 Qh6 29. Qe8+ Kh7 30. Re5 Rg6 31. Rf5 Re6 32. Qxh5 Qxh5 33. Rxh5+ Kg6 34. Rhxd5 cxd5 35. Rxd5 Re2 36. b3 Rb2 37. Rd3 Kf6 38. Re3 a5 39. a4 g6 40. Kg2 Kf5 41. Kf3 Kf6 42. Rc3 Kf7 43. Ke3 Rb1 44. f3 Re1+ 45. Kf4 Rb1 46. Kg5 Re1 47. Rc7+ Kf8 48. Kxg6 Ke8 49. Rc3 Rg1 50. g4 Rh1 51. Kg5 Kf7 52. Rc7+ Ke8 53. Rc6 Rh3 54. Kf4 1-0

[Event "24th Klatovy B 2016"]
[Site "Klatovy CZE"]
[Date "2016.07.08"]
[Round "7.36"]
[White "Svec, Ludek"]
[Black "Vavrinkova, Anna"]
[Result "1/2-1/2"]
[WhiteElo "1654"]
[BlackElo "1364"]
[PlyCount "52"]
[EventDate "2016.07.02"]
[EventType "swiss"]
[EventRounds "9"]
[EventCountry "CZE"]

1. d4 d5 2. Nf3 Nf6 3. g3 e6 4. Bg2 Be7 5. c4 c6 6. O-O O-O 7. Qb3 a6 8. Nc3 Nbd7 9. cxd5 cxd5 10. Bf4 b5 11. e4 Nxe4 12. Nxe4 dxe4 13. Nd2 Bb7 14. Nxe4 Bd5 15. Qe3 Nf6 16. Rfc1 Nxe4 17. Bxe4 Bxe4 18. Qxe4 Bf6 19. Be5 Bxe5 20. dxe5 Rc8 21. Rd1 Qa5 22. Rd7 Rfd8 23. Rad1 Rxd7 24. Rxd7 Qxa2 25. Qd4 Rf8 26. Rd6 Qb1+ 1/2-1/2

[Event "24th Klatovy B 2016"]
[Site "Klatovy CZE"]
[Date "2016.07.08"]
[Round "7.37"]
[White "Zimovcak, Zdenek"]
[Black "Kotal, Vit"]
[Result "1-0"]
[WhiteElo "1632"]
[BlackElo "1292"]
[PlyCount "95"]
[EventDate "2016.07.02"]
[EventType "swiss"]
[EventRounds "9"]
[EventCountry "CZE"]

1. e4 e5 2. Nf3 Nf6 3. d3 Nc6 4. c4 Bc5 5. h3 h6 6. a3 a6 7. b4 Ba7 8. Bb2 d6 9. g3 O-O 10. Bg2 Be6 11. Qd2 Ne7 12. Nc3 c5 13. Nd5 Bxd5 14. exd5 cxb4 15. axb4 Ng6 16. O-O b5 17. Kh2 Bb6 18. Ng1 Nh7 19. Ne2 Qd7 20. f4 exf4 21. Nxf4 Nxf4 22. Rxf4 Bd8 23. Rg4 Bg5 24. Qc3 f5 25. Rxg5 Nxg5 26. h4 Nh7 27. c5 Ra7 28. c6 Qe7 29. Re1 Qd8 30. Bh3 f4 31. Be6+ Kh8 32. Qc1 Rc7 33. Bd4 Qb8 34. gxf4 Nf6 35. Rg1 Re7 36. f5 Qc7 37. Rg6 Kh7 38. h5 Qb8 39. Qg1 Qd8 40. Bxf6 Rxf6 41. Rxf6 gxf6 42. Qg6+ Kh8 43. Qxf6+ Kh7 44. Qg6+ Kh8 45. f6 Rh7 46. Bf5 Rc7 47. Qxh6+ Kg8 48. Be6+ 1-0